कटते-घटते वन तथा समाधान / (Record no. 39466)

MARC details
000 -LEADER
fixed length control field 01099nam a22002177a 4500
005 - DATE AND TIME OF LATEST TRANSACTION
control field 2010080506496.0
010 ## - LCCN (DPL NO)
LC control number HIN-90093
020 ## - INTERNATIONAL STANDARD BOOK NUMBER
International Standard Book Number 9788188286652
Terms of availability 250.00
035 ## - SYSTEM CONTROL NUMBER
System control number HN-62439
037 ## - SOURCE OF ACQUISITION
Source of stock number/acquisition DBAD / PUB
082 ## - DEWEY DECIMAL CLASSIFICATION NUMBER
Classification number 363.73
100 ## - MAIN ENTRY--PERSONAL NAME
Personal name भाटिय्, सुदर्शन
245 ## - TITLE STATEMENT
Title कटते-घटते वन तथा समाधान /
Statement of responsibility, etc सुदर्शन भाटिया
246 ## - VARYING FORM OF TITLE
Title proper/short title Katate-Ghatate Van tatha samaadhaan
Remainder of title by Sudarshan Bhatia
260 ## - PUBLICATION, DISTRIBUTION, ETC. (IMPRINT)
Place of publication, distribution, etc दिल्ली
Name of publisher, distributor, etc नार्थ इंडिया पब्लिशर्स एंड डिस्ट्रीब्यूटर्स
Date of publication, distribution, etc 2010
270 ## - ADDRESS
Address फेस ई1/265, गली नं-17, सोनिया विहार
City दिल्ली
Postal code 110094
300 ## - PHYSICAL DESCRIPTION
Extent 160पृ
Dimensions 22सेमी (सजिल्द)
700 ## - ADDED ENTRY--PERSONAL NAME
9 (RLIN) 6534
942 ## - ADDED ENTRY ELEMENTS (KOHA)
Source of classification or shelving scheme Dewey Decimal Classification
Item type Hindi Books
Call number suffix भाटिया
Classification part 363.73
Holdings
Withdrawn status Lost status Not for loan Collection code Home library Current library Date acquired Source of acquisition Cost, normal purchase price Full call number Barcode Copy number Cost, replacement price Koha item type
    Not For Loan Non-fiction D.B.Act.Division D.B.Act.Division 05/08/2010 DBAD / PUB 250.00 363.73 भाटिया HN-62439 1 250.00 Hindi Books

© Delhi Public Library
Hit Counter
free hit counter